00615nam a2200229 a 4500001001300000003000900013005001700022008004100039020001000080082001300090100001900103245002300122260003700145300000900182500003500191505001700226700001900243902000800262942000700270952009300277999001500370nice12345678IN_TiNIC20260116011733.0050524s1950 newa grp 000 0 eng  ac10000a201bHUM aHume, Edward H aDoctors Courageous aNew York bHarper and Row c1950 a297p aincludes index and biblioraphy2 aBibliography1 aHume, Edward H bSRS cBK 00104070aHMIbHMId2007-03-19g100.00l0o201 HUMp8305r2007-03-19w2026-01-16yARB c3600d3600